000 00808cam a2200265 a 4500
001 000007663
005 20240226143822.0
008 950612s1994 sp a 000 f spa d
020 _a843761287x
040 _aDO-SdBNP
_cDLC
082 _a863.64
_bC174e
100 1 _aCamba, Julio,
_d1882-1962
_93094
245 1 0 _aEsto, lo otro y lo de más allá /
_cJulio Camba ; edición de Mario Parajón.
260 _aMadrid :
_bCátedra,
_c1994.
300 _a210 p. :
_bil. ;
_c18 cm.
490 1 _aLetras hispánicas
_v382
504 _aBibliográfias p. 47-49.
650 4 _aNovela española
_91123
650 4 _aLiteratura española
_9632
700 1 _aParajón, Mario,
_eed.
_921243
830 0 _aLetras Hispánicas ;
_v382
_94208
910 _aCatalogación por copia / LC
910 _aWM
049 _aBNGR
999 _c7443
_d7443